Countries That Border China By Picture - Statistics

General Stats
  • This quiz has been taken 142 times
  • The average score is 10 of 14
Answer Stats
Picture Answer % Correct
Russia
96%
Mongolia
90%
India
87%
North Korea
84%
Vietnam
77%
Myanmar
73%
Bhutan
72%
Nepal
72%
Kazakhstan
63%
Afghanistan
60%
Laos
59%
Kyrgyzstan
57%
Pakistan
52%
Tajikistan
51%
No matching quizzes found
Score Distribution
Percent of People with Each Score
Percentile by Number Answered
Your Score History
You have not taken this quiz